000 00285nam a2200109Ia 4500
008 190216s9999||||xx |||||||||||||| ||und||
100 _aAlbert Cotton F & Geoffrey Wilkinson
245 0 _aBasic Inorganic Chemistry
260 _bJohn Wiley & Sons
_c2001
300 _a838p
942 _cBK
999 _c2842
_d2842